| 000 | 00575nam a2200241Ia 4500 | ||
|---|---|---|---|
| 005 | 20250425162655.0 | ||
| 008 | 250425s9999 xx 000 0 und d | ||
| 020 | _a9684630603 | ||
| 041 | _aspa | ||
| 043 | _amx | ||
| 082 | _a639.8 | ||
| 100 | _aLANZA-ESPINO, GUADALUPE DE LA | ||
| 245 | 0 | _aLA ACUICULTURA EN PALABRAS | |
| 250 | _aS.E. | ||
| 260 | _aMEXICO | ||
| 260 |
_aMéxico _bAGT EDITOS S.A. _c1991 |
||
| 300 | _a160 | ||
| 650 | _aACUACULTURA | ||
| 700 | _aGARCIA-CALDERON, JOSE LUIS | ||
| 700 | _aLARA-ANDRADE, RAMON | ||
| 942 | _c01 | ||
| 010 | _a95773 | ||
| 999 |
_c234095 _d234095 |
||